| 000 | 00719nam a2200217 a 4500 | ||
|---|---|---|---|
| 001 | 109 | ||
| 005 | 20221127085844.0 | ||
| 008 | 050920s lxxua | 00100|eng d | ||
| 020 |
_a1556235445(hpb) : _cSR169.00 |
||
| 035 | _a119 | ||
| 082 | 0 | 4 |
_a658.4013 _bH915 1993 |
| 100 | 1 | _aHunt, V. Daniel | |
| 245 | 1 | 0 |
_aManaging for quality : _bintegrating quality and business strategy / _cV. Daniel Hunt. |
| 260 |
_aHomewood, Ill. : _bBusiness One Irwin, _c1993. |
||
| 300 |
_axix, 290 p. : _bill. ; _c24 cm. |
||
| 440 | 0 | _aIrwin/APICS library of integrated resource management. | |
| 504 | _aIncludes bibl. references and index. | ||
| 650 | 4 | _aProduct management. | |
| 650 | 4 | _aSuccess in business. | |
| 650 | 4 | _aQuality control. | |
| 999 |
_c109 _d109 |
||